000 00592nam a2200181 i 4500
001 55649
003 ES-MaACL
005 20240131215213.0
007 t|
008 030924s1967 sp ||||1| spa d
100 1 _aDesroches-Noblecourt, Christiane.
_943937
245 1 3 _aEl arte egipcio /
_cChristiane Desroches-Noblecourt ; [traducción de Carlos Murciano].
260 _aBarcelona :
_bPlaza & Janés,
_c1967.
300 _a184 p., 39 lám. :
_bil. ;
_c20 cm.
700 1 _aMurciano, Carlos,
_d1931-
_9153351
852 _aES-MaACL
_jC-33525
_bR.63915
999 _c55649
_d55649